Άνθρωποι του δάσους : μυθιστόρημα
Saved in:
| Main Author: | |
|---|---|
| Format: | Book |
| Language: | Greek English |
| Published: |
Αθήνα :
Καστανιώτη,
2019.
|
| Series: | Συγγραφείς απ' όλο τον κόσμο
|
| Subjects: | |
| Tags: |
Add Tag
No Tags, Be the first to tag this record!
|
MARC
| LEADER | 00000cam a2200000 a 4500 | ||
|---|---|---|---|
| 001 | 1/122132 | ||
| 008 | 200928s2019####gr | ||| |||| ||gre|| | ||
| 020 | |a 9789600366006 | ||
| 040 | |a GR-MyUa |b gre |c GR-MyUa |e AACR2 | ||
| 041 | 1 | |a gre |h eng | |
| 082 | 7 | |a 813 |2 (23) | |
| 100 | 1 | |a Proulx, Annie. | |
| 245 | 1 | 0 | |a Άνθρωποι του δάσους : |b μυθιστόρημα / |c Άννυ Πρου ; μετάφραση από τα αγγλικά Γιώργος Κυριαζής. |
| 260 | |a Αθήνα : |b Καστανιώτη, |c 2019. | ||
| 300 | |a 828 σ. ; |c 21 εκ. | ||
| 490 | 1 | |a (Συγγραφείς απ' όλο τον κόσμο) | |
| 500 | |a Τίτλος πρωτοτύπου: Barkskins. | ||
| 650 | 0 | |a American fiction. | |
| 830 | 0 | |a Συγγραφείς απ' όλο τον κόσμο | |
| 852 | |a INST |b SYROS |e 20200928 |h 813 PRO |p 005500014798 |q 005500014798 |t BK |y 0 | ||
| 920 | |a Τυροβολάς |b Ιωάννης |y Σύρος |z 2020-09 | ||
| 970 | |a Κοντού |b Παρασκευή |z 28/09/2020 | ||